|
|
|
|
| LEADER |
00000nab a2200000 a 4500 |
| 001 |
vtls000079867 |
| 003 |
SK-MaSNL |
| 005 |
20260303032114.0 |
| 008 |
111031c1980 xo 0 slo |
| 015 |
|
|
|a SNBRA19rr/mm-uuuuu
|
| 035 |
|
|
|a CL0089968
|
| 040 |
|
|
|a SNKBUCL
|b slo
|c SNKBUCL
|e AACR2
|
| 041 |
0 |
|
|a slo
|
| 044 |
|
|
|a xo
|c SK
|
| 080 |
|
|
|a 616.4
|2 1981
|
| 080 |
|
|
|a 577
|2 1981
|
| 245 |
0 |
0 |
|a Maximálna väzbová kapacita globulínu viažúceho tyroxín pri autoimúnnych ochoreniach štítnej žľazy ; B. Renker, M. Kandráč, J. Mechúr, P. Pancák, D. Trejbal
|
| 300 |
|
|
|b Tb. 1. Res. rus., angl.
|
| 650 |
0 |
7 |
|a žľaza štítna
|2 snkbucl
|9 923249
|
| 655 |
|
7 |
|a články zo zborníkov
|2 snkbucl
|9 166140
|
| 700 |
1 |
|
|a Renker, Bohuš,
|d 1943-
|4 aut
|9 78560
|
| 700 |
1 |
|
|a Kandráč, Michal,
|d 1920-1992
|4 aut
|9 160807
|
| 700 |
1 |
|
|a Mechúr, J.
|4 aut
|9 930212
|
| 700 |
1 |
|
|a Pancák, P.
|4 aut
|9 1014688
|
| 700 |
1 |
|
|a Trejbal, Dušan,
|d 1945-
|4 aut
|9 11301
|
| 773 |
0 |
|
|t Zborník Lekárskej fakulty Univerzity P.J. Šafárika Košice. Roč. 21. Zv. 36. 1978
|d Bratislava : SPN, 1980
|g S. 85-89
|
| 850 |
|
|
|a Slovenská národná knižnica v Martine
|a MTA001
|
| 852 |
|
|
|a SNK
|b KIS3GCP
|
| 958 |
|
|
|a RK
|
| 992 |
|
|
|a RZB
|
| 999 |
|
|
|c 1662285
|d 1664215
|